Kluby łódzkie, Ekstraklasa, I, II, III liga - Statystyki

Ogólne statystyki
  • Ten quiz został rozwiązany 38 razy
  • Średni wynik to 5 z 8
Statystyki odpowiedzi
Liga Klub % Poprawnych
I liga ŁKS Łódź
100%
Ekstraklasa Widzew Łódź
100%
II liga Unia Skierniewice
69%
III liga GKS Bełchatów
63%
II liga ŁKS Łódź II
63%
III liga Widzew Łódź II
46%
III liga Lechia Tomaszów Mazowiecki
40%
III liga Warta Sieradz
40%
Nie znaleziono quizów pasujących do podanych kryteriów
Rozkład punktacji
Procent ludzi z każdym wynikiem
Percentyl według liczby udzielonych odpowiedzi
Twoja historia wyników
Nie rozwiązałeś tego quizu